Bulletin /

Saved in:
书目详细资料
企业作者: Ridgway Ornithological Club.
格式: 序列
语言:English
出版: [Chicago] : American field, 1883-
主题:
标签: 添加标签
没有标签, 成为第一个标记此记录!
LEADER 00752nas a2200253Ia 4500
001 003473123-7
005 20020606093309.7
008 920323u18839999iluuu b 0 a0eng d
035 0 |a ocm25511688 
040 |a SMI  |c SMI  |d HMZ 
043 |a n-us--- 
090 |a QL671  |b .B936 
130 0 |a Bulletin (Ridgway Ornithological Club) 
245 1 0 |a Bulletin /  |c Ridgway Ornithological Club. 
260 |a [Chicago] :  |b American field,  |c 1883- 
300 |a v. ;  |c 22 cm. 
310 |a Irregular. 
362 0 |a No. 1 (Dec. 1883)- 
500 |a Imprint varies: no. 2- published: Chicago : G. Hazlitt. 
610 2 0 |a Ridgway Ornithological Club. 
650 0 |a Bird watching  |z United States. 
710 2 |a Ridgway Ornithological Club. 
988 |a 20020608 
906 |0 OCLC